| 000 -LEADER |
| fixed length control field |
00390nam a2200133 4500 |
| 003 - CONTROL NUMBER IDENTIFIER |
| control field |
OSt |
| 005 - DATE AND TIME OF LATEST TRANSACTION |
| control field |
20210705111804.0 |
| 008 - FIXED-LENGTH DATA ELEMENTS--GENERAL INFORMATION |
| fixed length control field |
210705b ||||| |||| 00| 0 eng d |
| 020 ## - INTERNATIONAL STANDARD BOOK NUMBER |
| International Standard Book Number |
9783037785249 |
| 082 ## - DEWEY DECIMAL CLASSIFICATION NUMBER |
| Classification number |
620.0092 |
| Item number |
FUL |
| 100 ## - MAIN ENTRY--PERSONAL NAME |
| Personal name |
Fuller, R. Buckminster (Richard Buckminster), 1895-1983, |
| 245 ## - TITLE STATEMENT |
| Title |
Your private sky : R. Buckminster Fuller, the art of design science |
| 942 ## - ADDED ENTRY ELEMENTS (KOHA) |
| Source of classification or shelving scheme |
|